|
|
|
|
| LEADER |
00657cam a2200193 7i4500 |
| 001 |
0000041440 |
| 005 |
20120104090000.0 |
| 020 |
|
|
|a 9780470371466 (hbk.)
|
| 020 |
|
|
|a 1046333X
|
| 090 |
0 |
0 |
|a HD57.7
|b .T23 2009
|
| 245 |
0 |
4 |
|a The 2009 Pfeiffer annual :
|b management development
|c Robert C. Preziosi, editor.
|
| 246 |
3 |
|
|a The two thousand nine.
|
| 260 |
|
|
|a San Francisco, CA:
|b Pfeiffer/John Wiley & Sons, Inc.,
|c 2009.
|
| 300 |
|
|
|a xvi, 229 p.:
|b ill.;
|c 29 cm.
|
| 650 |
0 |
0 |
|a Industrial management
|
| 650 |
0 |
0 |
|a Leadership --
|z United States
|
| 650 |
0 |
0 |
|a Leadership
|
| 700 |
1 |
|
|a Preziosi, Robert C.
|
| 999 |
|
|
|a 0000050037
|b BOK
|c OPEN SHELF
|e 1st Floor, Shah Alam
|